Les femmes de l'Académie française en images - Statistiques

Statistiques générales
  • Ce quiz a été pris 27 fois
  • Le résultat moyen est 3 sur 11
Statistiques - réponses
Par images Hint Réponse % Correct
1927-2017 Simone Veil
100%
1903-1987 Marguerite Yourcenar
81%
1929-2023 Hélène Carrère d Encausse
38%
1947 Barbara Cassin
23%
1913-2010 Jacqueline de Romilly
23%
1945 Chantal Thomas
15%
1945 Sylviane Agacinski
15%
1936-2015 Assia Djebar
12%
1940 Danièle Sallenave
12%
1953 Dominique Bona
12%
1941- Florence Delay
12%
Aucun quiz correspondant
Distribution des résultats
% des personnes avec chaque résultat
Percentile par nombre de réponses
Votre historique - résultats
Vous n’avez pas pris ce quiz